MVPs of Each Major One Piece Arc - Statistics

General Stats
  • This quiz has been taken 110 times
    27 since last reset
  • The average score is 28 of 33
Answer Stats
Hint Answer % Correct
Long Ring Long Land Monkey D. Luffy
100%
Enies Lobby Monkey D. Luffy
100%
Amazon Lily Monkey D. Luffy
100%
Return To Sabaody Monkey D. Luffy
100%
Fishman Island Monkey D. Luffy
100%
Punk Hazard Monkey D. Luffy
100%
Dressrosa Monkey D. Luffy
100%
Whole Cake Island Monkey D. Luffy
100%
Wano Monkey D. Luffy
100%
Romance Dawn Monkey D. Luffy
94%
Orange Town Monkey D. Luffy
94%
Syrup Village Monkey D. Luffy
94%
Baratie Monkey D. Luffy
94%
Arlong Park Monkey D. Luffy
94%
Reverse Mountain Monkey D. Luffy
94%
Little Garden Monkey D. Luffy
94%
Drum Island Monkey D. Luffy
94%
Alabasta Monkey D. Luffy
94%
Jaya Monkey D. Luffy
94%
Skypiea Monkey D. Luffy
94%
Whiskey Peak Roronoa Zoro
94%
Thriller Bark Roronoa Zoro
94%
Water 7 Vinsmoke Sanji
89%
Loguetown Monkey D. Dragon
83%
Post Enies Lobby Franky
78%
Sabaody Bartholomew Kuma
72%
Impel Down Emporio Ivankov
61%
Post War Silvers Rayleigh
61%
Marineford Crocodile
56%
Reverie Monkey D. Garp
56%
Zou Nekomamushi
33%
Elbaph (God Valley included) Rocks D. Xebec
33%
Egghead Joyboy/ Emeth
11%
No matching quizzes found
Score Distribution
Percent of People with Each Score
Percentile by Number Answered
Your Score History
You have not taken this quiz since the last reset